000 01417cad a22001935a 4500
001 E148078
008 090721e20080804xxk f v 000 0 eng d
035 _a(Sirsi) u148078
041 0 _aeng
245 0 4 _aJulian Roger Herbert v Leonard Doyle and Xerxes Keke Talati
_h[electronic resource]
260 _c2009
520 _a[2008] EWHC 1950 (Ch), 4 August 2008. The case relates to a dispute over car parking spaces and other property-related issues, raising questions of proprietary estoppel and constructive trusts. The claimant (H) wanted the defendants (X) to keep to an agreement which provided for the swapping of the car parking spaces that they already had for others, due to a housing development which H had constructed and which encroached on the spaces. X responded with a defence and a counterclaim asserting that H had not fulfilled various commitments which also formed part of the agreement, and refusing to swap the spaces until these had been fulfilled. "Held": H would be entitled to the transfer of the spaces only once he had fulfilled the other terms of the agreement.
590 _aKA
650 2 4 _aHERBERT V DOYLE AND ANOR
651 4 _aEngland and Wales
_y1543-
690 _aPROPERTY-COMMERCIAL PROPERTY-ACQUISITION AND DISPOSAL OF COMMERCIAL PROPERTY
856 4 0 _uhttps://www.bailii.org/ew/cases/EWHC/Ch/2008/1950.html
_zView the case free of charge at www.bailli.org...
942 _n0
999 _c81716
_d81716